000 00270nam a2200109Ia 4500
008 200302s9999 xx 000 0 und d
100 _aColin R. Townsend & Other
245 _aEssentials of Ecology
260 _bBlackwell Science Inc.
260 _c2000
300 _a552 P.,
999 _c5581
_d5581